000 00704nam a2200205 i 4500
001 148635
003 ES-MaACL
005 20251120142811.0
007 t|
008 070214s1913 sp r ||||1| spa d
080 _a821.134.2-83"16"
100 1 _aSuárez de Figueroa, Cristóbal.
_9108604
245 1 3 _aEl pasagero :
_badvertencias utilísimas a la vida humana /
_cCristóbal Suárez de Figueroa ; edición preparada por Francisco Rodríguez Marin.
260 _aMadrid :
_bRenacimiento,
_c1913.
300 _a366 p. :
_bil. ;
_c19 cm.
700 1 _aRodríguez Marín, Francisco,
_d1855-1943
_998634
740 3 2 _aEl pasajero.
852 _aES-MaACL
_jA-959
999 _c148635
_d148635